• 首页
  • 本馆介绍
  • 公告通知
  • 最新文献
  • 馆藏检索
  • 电子资源
  • 读者导购
  • 参考咨询
  • 我的图书馆
  • 登录
  • 详细信息显示
  • 放入我的书架
  • 预约/预借图书
  • 作者相关作品
  • 分类相关作品
  • 丛书相关作品
  • 出版社相关作品

书目信息

  • 表格格式
  • 工作单格式
  • 卡片格式
题名:
信用风险模型与巴塞尔协议
    
 
作者: 戴维特 , 今井贤志 著 ;燕清联合 , 周天芸 译
分册:  
出版信息: 北京   中国人民大学出版社  2005
页数: 206页
开本: 26cm
丛书名: 工商管理经典译丛
单 册:
中图分类: F830.5
科图分类:
主题词: 风险管理 , 信用--风险管理--研究
电子资源:
ISBN: 7-300-06400-0
000 01763oam2 2200373 45
001 060000033874
005 20060105162403.92
010    @a7-300-06400-0@dCNY29.00
092    @aCN
100    @a20050623d2005 ekmy0chiy0120 ea
101 1  @achi@ceng
102    @aCN@b110000
105    @ay az 000yy
200 1  @a信用风险模型与巴塞尔协议@9xin yong feng xian mo xing yu ba sai er xie yi@d= Credit Risk Models and the Basel Accords@f( )唐纳德·范·戴维特,(日)今井贤志著@F()tang na de·fan·dai wei te,(ri)jin jing xian zhi zhu@g燕清联合,周天芸译@zeng
210    @a北京@c中国人民大学出版社@d2005
215    @a206页@d26cm
225 2  @a工商管理经典译丛@i信用管理系列
314    @a唐纳德·范·戴维特(Donald Van Deventer)于1990年4月创立镰仓公司,现为该公司总裁,他持有哈佛大学经济系与工商管理研究生院联合颁发的商业经济博士学位。
314    @a今井贤志,主管镰仓公司的软件部门,并参加与日本有关的金融顾问工作,他是镰仓管理委员会成员,擅长日文和英文。他先后毕业于东京大学和麻省理工学院的斯隆管理学院,获得工程学学士学位及管理学硕士学位。
320    @a有书目
330    @a本书包括信用风险的管理目标,信用模型技术的演进,内部评级与信用模型的检验方法,用历史违约数据检验信用模型,应用市场数据检验信用模型:对安然公司与其他案例研究的经验,巴塞尔协议的检验意义与金融机构管理等内容。
461  0 @12001 @a工商管理经典译丛
462  0 @12001@a信用管理系列
510 1  @aCredit Risk Models and the Basel Accords@zeng
606 0  @a风险管理
606 0  @a信用@x风险管理@x研究
690    @aF830.5@v4
701  0 @a戴维特@Adai wei te@4著
701  0 @a今井贤志@Ajin jing xian zhi@4著
702  0 @a燕清联合@Ayan qing lian he@4译
702  0 @a周天芸@Azhou tian yun@4译
801  0 @aCN@bCXYBOOK@c20060105
905    @a10447@dF830.5@e40
999    @aWJ@eDF
    
    信用风险模型与巴塞尔协议= Credit Risk Models and the Basel Accords/( )唐纳德·范·戴维特,(日)今井贤志著/燕清联合,周天芸译.-北京:中国人民大学出版社,2005
    206页;26cm.-(工商管理经典译丛.信用管理系列)
    
    
    ISBN 7-300-06400-0:CNY29.00
    本书包括信用风险的管理目标,信用模型技术的演进,内部评级与信用模型的检验方法,用历史违约数据检验信用模型,应用市场数据检验信用模型:对安然公司与其他案例研究的经验,巴塞尔协议的检验意义与金融机构管理等内容。
●
相关链接 在E读中查询图书 在五车中查询图书 在当当中查询图书 在豆瓣中查询图书


正题名:信用风险模型与巴塞尔协议     索取号:F830.5/40         预约/预借

序号 登录号 条形码 馆藏地/架位号 状态 备注
1 0373999   203739990   第一样本阅览室/ [索取号:F830.5/40] 在馆    
2 0374000   203740005   第一借阅区/ [索取号:F830.5/40] 在馆    
3 0374001   203740014   第一借阅区/ [索取号:F830.5/40] 在馆    
4 0374002   203740023   第一借阅区/ [索取号:F830.5/40] 在馆    
5 0374003   203740032   第一借阅区/ [索取号:F830.5/40] 在馆    
唐山师范学院图书馆 欢迎您!
大连网信软件有限公司© 版权所有